Spillovers in International Corporate Taxation.

This paper explores the nature, significance and policy implications of spillovers in international corporate taxation-the effects of one country's rules and practices on others. It complements current initiatives focused on tax avoidance by multinationals, notably the G20-OECD project on Base...

Descrizione completa

Dettagli Bibliografici
Ente Autore: International Monetary Fund
Natura: Periodico
Lingua:English
Pubblicazione: Washington, D.C. : International Monetary Fund, 2014.
Serie:Policy Papers; Policy Paper ; No. 2014/071
Accesso online:Full text available on IMF
LEADER 01662cas a2200241 a 4500
001 AALejournalIMF020397
008 230101c9999 xx r poo 0 0eng d
020 |c 5.00 USD 
020 |z 9781498343367 
022 |a 2663-3493 
040 |a BD-DhAAL  |c BD-DhAAL 
110 2 |a International Monetary Fund. 
245 1 0 |a Spillovers in International Corporate Taxation. 
264 1 |a Washington, D.C. :  |b International Monetary Fund,  |c 2014. 
300 |a 1 online resource (86 pages) 
490 1 |a Policy Papers 
500 |a <strong>Off-Campus Access:</strong> No User ID or Password Required 
500 |a <strong>On-Campus Access:</strong> No User ID or Password Required 
506 |a Electronic access restricted to authorized BRAC University faculty, staff and students 
520 3 |a This paper explores the nature, significance and policy implications of spillovers in international corporate taxation-the effects of one country's rules and practices on others. It complements current initiatives focused on tax avoidance by multinationals, notably the G20-OECD project on Base Erosion and Profit shifting (BEPS). The paper draws on the IMF's experience on international tax issues with its wide membership, including through technical assistance (TA), and on its previous analytical work, to analyze spillovers and how they might be addressed. In doing so, it goes beyond current initiatives to look at a wide set of possible responses. 
538 |a Mode of access: Internet 
830 0 |a Policy Papers; Policy Paper ;  |v No. 2014/071 
856 4 0 |z Full text available on IMF  |u http://elibrary.imf.org/view/journals/007/2014/071/007.2014.issue-071-en.xml  |z IMF e-Library